000 00526nam#a22002175a#4500
001 2434
245 1 0 _aLa Capataza /
_cAtahualpa Yupanqui.
250 _a1ª edic.
260 _aBuenos Aires :
_bCinco,
_c2014.
300 _a136 p. ;
_c22 cm.
020 _a9789509693852
100 1 _aYupanqui, Atahualpa.
080 _a82-1
084 _aY 97
653 _aPoesía Argentina
040 _aAR-ClEAG
_cAR-ClEAG
008 141023s2014####ag############000#0#und#d
005 20241107184744.0
003 AR-ClEAG
942 _cBK
999 _c2434
_d2434
980 _62
_aEvangelina Gallicchio
_82
_gEvangelina Gallicchio